Statistics for Romania Country Quiz

Click here to take the quiz!

General Stats

  • This quiz has been taken 32,233 times
    (30,988 since last reset)
  • The average score is 14 of 20

Answer Stats

QuestionAnswer% Correct
Capital of RomaniaBucharest
97%
Sea that Romania borders{Black} Sea
95%
Bordering countriesBulgaria
95%
Bordering countriesUkraine
94%
Bordering countriesHungary
93%
Bordering countriesMoldova
93%
Bordering countriesSerbia
90%
Fictional count inspired by the aboveCount Dracula
89%
Historical region of central Romania
starting with T
Transylvania
89%
Longest riverDanube
85%
Medieval ruler known for impaling
his enemies
Vlad the Impaler
83%
Mountain range that runs
through Romania
{Carpathian}
Mountains
64%
Foreign country that is home to over
1.2 million Romanian emigrants
Italy
64%
Method of execution used on former
dictator Nicolae Ceaușescu on
December 25, 1989
Firing Squad
62%
Second largest city{Cluj}-Napoca
53%
Name one of the four countries that
has a lower fertility rate than Romania
Singapore | Taiwan |
South Korea | Bosnia
49%
Romanian carmaker accounting
for 8% of exports
Dacia
47%
Gymnast who earned six perfect 10s
at the 1976 Summer Olympics
Nadia Comăneci
43%
Castle inaccurately marketed as
being the home of that character
{Bran} Castle
32%
Last king of Romania, forced
to abdicate by the Soviets in 1947,
but who lived for 70 years after
Michael
31%

Score Distribution

Percentile by Number Answered

Percent of People with Each Score

Your Score History

You have not taken this quiz since the last reset